| 000 | 00471 a2200193 4500 | ||
|---|---|---|---|
| 001 | 065964 | ||
| 003 | OSt | ||
| 005 | 20251210144918.0 | ||
| 008 | |||
| 082 |
_a512.5 _bC42L |
||
| 100 | 1 | _aKincaid, David | |
| 245 | 1 |
_aLinear algebra _cBy David Kincaid And Ward Chency |
|
| 260 |
_aBoston _bJones & Bartlett _c2010 |
||
| 300 | _a740p. | ||
| 500 | _aEnglish | ||
| 690 | _aAlgebras, Linear | ||
| 700 | _aChency, Ward | ||
| 942 |
_2ddc _cBK |
||
| 999 |
_c189 _d189 |
||